000 00342nam a2200157Ia 4500
100 _aKurniawan/Budi/ Deck/P
650 _aComputers
942 _cBK
654 _atomcat
245 _aHow Tomcat works
260 _bShroff Publishers
_aNew Delhi
_c2004
082 _a005.133/KUR
_bKUR
300 _a450
546 _aENGLISH
999 _c21357
_d21357